Statistics for Universities and Colleges A-Z

Click here to take the quiz!

General Stats

  • This quiz has been taken 376 times
  • The average score is 13 of 26

Answer Stats

HintAnswer% Correct
YIts alumni includes Hillary Clinton
and George W. H. Bush
Yale
87%
FGatorade was invented to "aid"
this university's athletes
Florida
69%
O"Dominus illuminatio mea" is its mottoOxford
68%
EMost famous boy's school in EnglandEton
66%
GPrestigious D.C. universityGeorgetown
66%
JMedical school in BaltimoreJohns Hopkins
66%
PFormerly the "College of New Jersey"Princeton
65%
D"Blue Devils" universityDuke
64%
NUniversity in South Bend, IndianaNotre Dame
61%
VFounded by Thomas JeffersonVirginia
60%
RState university of New JerseyRutgers
57%
QOne of Australia's sandstone
universities, located in Brisbane
Queensland
55%
AThe second largest university
in the state of Alabama
Auburn
52%
BWorld's oldest university s.i.o.Bologna
49%
XThe Musketeers represent this
Cincinnati university
Xavier
44%
SUniversity of Paris, alternativelySorbonne
42%
ZFounded as University College of
Rhodesia and Nyasaland
Zimbabwe
39%
CWhere the Pulitzer Prize is awardedColumbia
38%
TTrained black pilots during WWIITuskegee
38%
HOldest university in GermanyHeidelberg
34%
MFamous Montreal universityMcGill
33%
LSwitzerland's second-oldestLausanne
32%
W"Demon Deacons" universityWake Forest
32%
UOldest Nordic university s.i.o.Uppsala
26%
IUses the Royal Albert Hall for its
graduation ceremonies
Imperial
19%
KOldest institute of western
higher education in Japan
Keio
5%

Score Distribution

Percentile by Number Answered

Percent of People with Each Score

Your Score History

You have not taken this quiz